1989 1488 1082 1009 1855 1478 1468 1702 1309 1908 1769 1006 1273 1251 1416 1653 1015 1552 1177 1482 1831 1214 1126 1208 1805 1500 1374 1034 1186 1804 1723 1006 1598 1836 1120 1808 1278 1250 1938 1840 1574 1316 1845 1596 1636 1633 1857 1097 1197 1229 1251 1268 1059 1933 1978 1739 1110 1499 1405 1987 1495 1399 1258 1805 1429 1773 1071 1209 1560 1127 1914 1087 1922 1981 1683 1367 1586 1529 1262 1300 1368 1372 1113 1571 1724 1209 1566 1662 1884 1815 1610 1744 1947 1040 1607 1901 1413 1415 1854 BCNSPRNW ULIB Ver.6.0+V

เปลี่ยนเป็นภาษาไทย

Change to English
 แสดงรายละเอียดบรรณานุกรม
  กลับหน้าหลัก

Brief Record : Get Marc (ISO 2709) : E-mail record : QR code < ปิดหน้าต่าง
LEADER : 00000nam 2200000uu 4500
001    13399112029
003     ULIB
008    110725s2546||||th 000 0 tha d
020    9749137884
050  4 H62^bน142ค 2546
100 0  นงพรรณ พิริยานุพงศ์
245 10 คู่มือวิจัยและพัฒนา /^cนงพรรณ พิริยานุพงศ์
250    พิมพ์ครั้งที่ 1
260    นนทบุรี :^bโครงการสวัสดิการวิชาการ สถาบันพระบรมราชชนก,^c2546
300    176 หน้า :^bภาพประกอบ ;^c21 ซม.
650  7 การเขียนทางวิชาการ
650  7 วิจัย
710 2  โครงการสวัสดิการวิชาการ สบช.
945    ^p150^l0^i017761
945    ^p150^l0^i019512
945    ^p150^l0^i024140
945    ^p150^l0^i033151
945    ^p150^l0^i033152
945    ^p150^l0^i033153
995    ทศพร
999 ^a ทศพร
รายการนี้ยังไม่มีแท็ก
คุณยังไม่ได้ล็อกอิน คุณสามารถมีกิจกรรมร่วมกับเว็บไซต์ได้ แต่ต้องล็อกอินก่อน ::
  ล็อกอิน

รายการสื่อสารสนเทศ

ลำดับที่ ประเภท เลขเรียก/บาร์โค้ด สถานที่ สถานะ
1. วิทยาศาสตร์การแพทย์ และสุขภาพ
วิทยาศาสตร์การแพทย์ และสุขภาพ
H62 น142ค 2546 ฉ.4 
  Barcode: 033151
ห้องสมุดวิทยาเขตสวรรค์ประชารักษ์
►หนังสือทั่วไป
บนชั้น
2. วิทยาศาสตร์การแพทย์ และสุขภาพ
วิทยาศาสตร์การแพทย์ และสุขภาพ
H62 น142ค 2546 ฉ.5 
  Barcode: 033152
ห้องสมุดวิทยาเขตสวรรค์ประชารักษ์
►หนังสือทั่วไป
บนชั้น
3. วิทยาศาสตร์การแพทย์ และสุขภาพ
วิทยาศาสตร์การแพทย์ และสุขภาพ
H62 น142ค 2546 ฉ.6 
  Barcode: 033153
ห้องสมุดวิทยาเขตสวรรค์ประชารักษ์
►หนังสือทั่วไป
บนชั้น

รายการใกล้เคียง
    ผู้แต่ง [นงพรรณ พิริยานุพงศ์]

    หัวเรื่อง [การเขียนทางวิชาการ]
    หัวเรื่อง [วิจัย]

BibComment


ยังไม่เคยถูกคอมเมนท์

คอมเมนท์ทรัพยากรรายการนี้
  คอมเมนท์: คู่มือวิจัยและพัฒ..


 Copyright 2026. Bcnsprnw @Library